<?xml version="1.0" encoding="UTF-8"?>
<record
    xmlns:xsi="http://www.w3.org/2001/XMLSchema-instance"
    xsi:schemaLocation="http://www.loc.gov/MARC21/slim http://www.loc.gov/standards/marcxml/schema/MARC21slim.xsd"
    xmlns="http://www.loc.gov/MARC21/slim">

  <leader>00637cam a22001817a 4500</leader>
  <controlfield tag="003">OSt</controlfield>
  <controlfield tag="005">20160530230002.0</controlfield>
  <controlfield tag="008">160421s2016    sp |||||||||||||| ||spa|c</controlfield>
  <datafield tag="020" ind1=" " ind2=" ">
    <subfield code="a">9788494433818</subfield>
  </datafield>
  <datafield tag="040" ind1=" " ind2=" ">
    <subfield code="b">cat</subfield>
    <subfield code="c">CDMR</subfield>
  </datafield>
  <datafield tag="100" ind1="1" ind2=" ">
    <subfield code="9">673</subfield>
    <subfield code="a">Mart&#xED; G&#xF3;mez, Jos&#xE9;</subfield>
  </datafield>
  <datafield tag="245" ind1="1" ind2="3">
    <subfield code="a">El Oficio m&#xE1;s hermoso del mundo </subfield>
    <subfield code="b">: (una desordenada cr&#xF3;nica personal)</subfield>
    <subfield code="c">Jos&#xE9; Mart&#xED; G&#xF3;mez ; ep&#xED;logo: una conversaci&#xF3;n con Javier del Pino, Jordi &#xC9;vole y Josep Ramoneda</subfield>
  </datafield>
  <datafield tag="260" ind1=" " ind2=" ">
    <subfield code="a">Madrid </subfield>
    <subfield code="b">Clave intelectual</subfield>
    <subfield code="c">2016</subfield>
  </datafield>
  <datafield tag="300" ind1=" " ind2=" ">
    <subfield code="a">380 p. ;</subfield>
    <subfield code="c">22 cm</subfield>
  </datafield>
  <datafield tag="600" ind1="1" ind2="4">
    <subfield code="a">Mart&#xED; G&#xF3;mez, Jos&#xE9;</subfield>
  </datafield>
  <datafield tag="650" ind1="0" ind2="4">
    <subfield code="a">Periodisme</subfield>
    <subfield code="z">Espanya</subfield>
    <subfield code="x">Relats personals</subfield>
    <subfield code="9">382</subfield>
  </datafield>
  <datafield tag="942" ind1=" " ind2=" ">
    <subfield code="c">MON</subfield>
  </datafield>
  <datafield tag="999" ind1=" " ind2=" ">
    <subfield code="c">6928</subfield>
    <subfield code="d">6928</subfield>
  </datafield>
  <datafield tag="952" ind1=" " ind2=" ">
    <subfield code="0">0</subfield>
    <subfield code="1">0</subfield>
    <subfield code="4">0</subfield>
    <subfield code="7">0</subfield>
    <subfield code="a">CDMR</subfield>
    <subfield code="b">CDMR</subfield>
    <subfield code="d">2016-04-21</subfield>
    <subfield code="e">Intercanvi</subfield>
    <subfield code="g">19.50</subfield>
    <subfield code="l">19</subfield>
    <subfield code="m">8</subfield>
    <subfield code="o">Du 1/113</subfield>
    <subfield code="p">CDMR16040004</subfield>
    <subfield code="r">2026-03-06</subfield>
    <subfield code="s">2025-07-22</subfield>
    <subfield code="v">19.50</subfield>
    <subfield code="w">2016-04-21</subfield>
    <subfield code="y">MON</subfield>
  </datafield>
</record>
